000
00303nam a2200133Ia 4500
005
20260326100035.0
008
260326s9999||||xx |||||||||||||| ||und||
100
_a
Huyghe, Rene
245
0
_a
El Arte y el Hombre /
_c
Rene Huyghe
260
_b
Larousse
300
_a
248 p.
650
_a
ARTE
942
_c
BK
999
_c
6752
_d
6752